000 00339nam a22001457a 4500
008 221108b ||||| |||| 00| 0 eng d
020 _a8665272368
041 _aeng
080 _21st EDITION
_a004
082 _a004
100 _a20
101 _aSHK
245 _aASCENT -CENTER FOR TECHNICAL KNOWLEDGE
_cRASMUSSEN M
942 _2udc
_cBK
999 _c58782
_d58782